000 00803nam a22002177a 4500
003 UA-OsUOA
001 83651
007 ta
008 20120424b un ||||| |||| 00| 0 ukr d
100 _aДемина И.Н.
090 _a659
_bД30
942 _cSA
040 _aUA-OsUOA
_brus
_cUA-OsUOA
_dUA-OsUOA
245 _aЭкономическая журналистика в массовой коммуникации
300 _aС.101-111
955 _a0
041 _arus
080 _a659
773 0 _w83645
_tВестник Московского университета. Серия 10. Журналистика
_dМ.
_d2011
_g4
650 7 _a659 Реклама. Система інформації. Громадська інформація та реклама (Паблик-Рилейшнз)
_2UDC
999 _c369964
_d369964